The Triadic Nexus: Understanding the Interplay and Semantic Boundaries Between Place Identity, Place Image, and Place Reputation

Štúdia sa snaží preskúmať povahu prepojení a sémantických hraníc medzi identitou miesta, obrazom miesta a reputáciou miesta. Skúmanie vzťahov medzi týmito konceptmi bolo založené na metasyntéze 153 prevažne empirických štúdií, z ktorých väčšina skúmala tieto koncepty jednotlivo. Výskum odhalil, že v...

ver descrição completa

Na minha lista:
Detalhes bibliográficos
Autor principal: Matlovičová, Kvetoslava, 1971-
Formato: Capítulo de Livro
Idioma:inglês
Assuntos:
Tags: Adicionar Tag
Sem tags, seja o primeiro a adicionar uma tag!

MARC

LEADER 00000naa a2200000 4500
001 0304589
005 20241014123232.1
041 0 |a eng 
044 |a SK 
245 1 0 |a The Triadic Nexus: Understanding the Interplay and Semantic Boundaries Between Place Identity, Place Image, and Place Reputation  |c Kvetoslava Matlovičová 
520 |a Štúdia sa snaží preskúmať povahu prepojení a sémantických hraníc medzi identitou miesta, obrazom miesta a reputáciou miesta. Skúmanie vzťahov medzi týmito konceptmi bolo založené na metasyntéze 153 prevažne empirických štúdií, z ktorých väčšina skúmala tieto koncepty jednotlivo. Výskum odhalil, že vymedzenie daných trojch pojmov sa značne líšia v závislosti od perspektívy, ktorú zvolili autori, čo môže viesť k zmätku v štúdii a najmä v interpretácii výsledkov. 
610 2 0 |a sémantika 
610 2 0 |a identita 
610 2 0 |a reputácia krajiny 
610 2 0 |a imidž 
610 2 0 |a mestá 
610 2 0 |a regióny 
100 1 |a Matlovičová, Kvetoslava, 1971-